00358nam a2200109Ia 4500008004100000020001800041040002900059050002400088100004300112245004900155260004400204221221s9999 xx 000 0 und d a0-335-21917-9 cChuka University Library aLB 1027.5bW55 2006 aWilliams, Richard and Collin Pritchad. 0aBreaking the cycle of educational alienation aOpen university PressbMaidenheadc2006